450 giống cây trồng mới năng suất cao T.1 169 giống lúa
vv
Đã lưu trong:
| Tác giả chính: | |
|---|---|
| Định dạng: | Sách |
| Năm xuất bản: |
H.
Lao động xã hội
2005
|
| Chủ đề: | |
| Tags: |
Thêm thẻ
Không có thẻ, Hãy là người đầu tiên gắn thẻ bản ghi này!
|
| LEADER | 02849nam a2200337 4500 | ||
|---|---|---|---|
| 999 | |c 6443 |d 6443 | ||
| 082 | |a 633.187 |b Đ561H | ||
| 100 | |a Đường Hồng Dật | ||
| 245 | |a 450 giống cây trồng mới năng suất cao |c Đường Hồng Dật |n T.1 |p 169 giống lúa | ||
| 260 | |a H. |b Lao động xã hội |c 2005 | ||
| 300 | |a 184tr. |c 21cm | ||
| 520 | |a vv | ||
| 653 | |a Nông nghiệp | ||
| 653 | |a Giống cây | ||
| 653 | |a cây lúa | ||
| 942 | |2 ddc |c STK0 | ||
| 952 | |0 0 |1 0 |2 ddc |4 0 |6 633_187000000000000_Đ561H |7 0 |8 600 |9 59633 |a qbu |b qbu |c D3 |d 2015-01-16 |g 20000 |o 633.187 Đ561H |p 6794.C1 |r 0000-00-00 |w 2015-01-16 |y STK0 | ||
| 952 | |0 0 |1 0 |2 ddc |4 0 |6 633_187000000000000_Đ561H |7 0 |8 600 |9 59634 |a qbu |b qbu |c D3 |d 2015-01-16 |g 20000 |o 633.187 Đ561H |p 6794.C2 |r 0000-00-00 |w 2015-01-16 |y STK0 | ||
| 952 | |0 0 |1 0 |2 ddc |4 0 |6 633_187000000000000_Đ561H |7 0 |8 600 |9 59635 |a qbu |b qbu |c D3 |d 2015-01-16 |g 20000 |o 633.187 Đ561H |p 6794.C3 |r 0000-00-00 |w 2015-01-16 |y STK0 | ||
| 952 | |0 0 |1 0 |2 ddc |4 0 |6 633_187000000000000_Đ561H |7 0 |8 600 |9 59636 |a qbu |b qbu |c D3 |d 2015-01-16 |g 20000 |o 633.187 Đ561H |p 6794.C4 |r 0000-00-00 |w 2015-01-16 |y STK0 | ||
| 952 | |0 0 |1 0 |2 ddc |4 0 |6 633_187000000000000_Đ561H |7 0 |8 600 |9 59637 |a qbu |b qbu |c D3 |d 2015-01-16 |g 20000 |o 633.187 Đ561H |p 6794.C5 |r 0000-00-00 |w 2015-01-16 |y STK0 | ||
| 952 | |0 0 |1 0 |2 ddc |4 0 |6 633_187000000000000_Đ561H |7 0 |8 600 |9 59638 |a qbu |b qbu |c D3 |d 2015-01-16 |g 20000 |o 633.187 Đ561H |p 6794.C6 |r 0000-00-00 |w 2015-01-16 |y STK0 | ||
| 952 | |0 0 |1 0 |2 ddc |4 0 |6 633_187000000000000_Đ561H |7 0 |8 600 |9 59639 |a qbu |b qbu |c D3 |d 2015-01-16 |g 20000 |o 633.187 Đ561H |p 6794.C7 |r 0000-00-00 |w 2015-01-16 |y STK0 | ||
| 952 | |0 0 |1 0 |2 ddc |4 0 |6 633_187000000000000_Đ561H |7 0 |8 600 |9 59640 |a qbu |b qbu |c D3 |d 2015-01-16 |g 20000 |o 633.187 Đ561H |p 6794.C8 |r 0000-00-00 |w 2015-01-16 |y STK0 | ||
| 952 | |0 0 |1 0 |2 ddc |4 0 |6 633_187000000000000_Đ561H |7 0 |8 600 |9 59641 |a qbu |b qbu |c D3 |d 2015-01-16 |g 20000 |o 633.187 Đ561H |p 6794.C9 |r 0000-00-00 |w 2015-01-16 |y STK0 | ||
| 952 | |0 0 |1 0 |2 ddc |4 0 |6 633_187000000000000_Đ561H |7 0 |8 600 |9 59642 |a qbu |b qbu |c D3 |d 2015-01-16 |g 20000 |o 633.187 Đ561H |p 6794.C10 |r 0000-00-00 |w 2015-01-16 |y STK0 | ||
| 952 | |0 0 |1 0 |2 ddc |4 0 |6 633_187000000000000_Đ561H |7 0 |8 600 |9 59643 |a qbu |b qbu |c D3 |d 2015-01-16 |g 20000 |o 633.187 Đ561H |p 6794.C11 |r 0000-00-00 |w 2015-01-16 |y STK0 | ||
| 952 | |0 0 |1 0 |2 ddc |4 0 |6 633_187000000000000_Đ561H |7 0 |8 600 |9 59644 |a qbu |b qbu |c D3 |d 2015-01-16 |g 20000 |o 633.187 Đ561H |p 6794.C12 |r 0000-00-00 |w 2015-01-16 |y STK0 | ||
| 952 | |0 0 |1 0 |2 ddc |4 0 |6 633_187000000000000_Đ561H |7 0 |8 600 |9 59645 |a qbu |b qbu |c D3 |d 2015-01-16 |g 20000 |o 633.187 Đ561H |p 6794.C13 |r 0000-00-00 |w 2015-01-16 |y STK0 | ||
| 952 | |0 0 |1 0 |2 ddc |4 0 |6 633_187000000000000_Đ561H |7 0 |8 600 |9 59646 |a qbu |b qbu |c D3 |d 2015-01-16 |g 20000 |o 633.187 Đ561H |p 6794.C14 |r 0000-00-00 |w 2015-01-16 |y STK0 | ||
| 952 | |0 0 |1 0 |2 ddc |4 0 |6 633_187000000000000_Đ561H |7 0 |8 600 |9 59647 |a qbu |b qbu |c D3 |d 2015-01-16 |g 20000 |o 633.187 Đ561H |p 6794.C15 |r 0000-00-00 |w 2015-01-16 |y STK0 | ||